000 00332nam a2200133Ia 4500
008 240624s9999 xx 000 0 und d
041 _aeng
082 _a332 MOR
100 _aGOLDBERG JOACHIM
245 _aBEHAVIORAL FINANCE
260 _c2002
_aNew York
_bJohn Wiley & Sons
300 _ax, : 227 : p. : cm. ; 24
365 _c
_b26
999 _c20117
_d20117